000 00728nam a2200253Ia 4500
008 170203s9999 xx 000 0 und d
020 _a0-763521868
050 _aFic
050 _bM281b
100 _aManners, Jane
245 _aBedtime for Zelda /
245 _cby Jane Manners ; illustrated by Carolyn Croll.
260 _aCrystal Lake, IL :
260 _bChildren's Television Workshop and Rigby,
260 _c©1998.
300 _a8 pages :
300 _bcolor illustrations ;
300 _c22 cm.
440 _aSound tracks, musical phonics.
500 _a"Literacy Street where fun and learning meet"--Back cover.
650 _aBedtime --
650 _aBedtime.
650 _xJuvenile fiction.
999 _c306373
_d306373